Loading...
Science - Physics | 0 | 12 | 1 | 2 | 115 | 37 | 82.58 | 3 | 8 |
Science - Biology | 0 | 9 | 1 | 1 | 85 | 50 | 90.00 | 1 | 2 |
Science - Other Science | 0 | 8 | 1 | 1 | 75 | 72 | 93.38 | 0 | 1 |
Science - Chemistry | 0 | 8 | 2 | 4 | 70 | 54 | 98.88 | 1 | 1 |
Fine Arts - Classical Music | 0 | 3 | 0 | 0 | 30 | 87 | 115.00 | 0 | 0 |
Any History | 0 | 2 | 0 | 1 | 20 | 102 | 122.00 | 0 | 0 |
Fine Arts - Other Fine Arts | 0 | 2 | 0 | 0 | 20 | 85 | 92.50 | 0 | 1 |
History - World History | 0 | 2 | 0 | 2 | 20 | 131 | 138.00 | 0 | 0 |
Social Science | 0 | 2 | 0 | 0 | 20 | 92 | 109.50 | 0 | 0 |
Mythology | 0 | 1 | 0 | 0 | 10 | 57 | 57.00 | 1 | 1 |
Literature - World Literature | 0 | 1 | 0 | 0 | 10 | 77 | 77.00 | 1 | 1 |
Religion | 0 | 1 | 0 | 0 | 10 | 98 | 98.00 | 0 | 0 |
Current Events | 0 | 1 | 1 | 0 | 5 | 88 | 88.00 | 0 | 0 |